[Event "Heusenstamm Schloss op"]
[Site "Heusenstamm"]
[Date "2023.11.24"]
[Round "2"]
[White "Raumanns, Niklas"]
[Black "Werner, Tom"]
[Result "1-0"]
[WhiteElo "1729"]
[BlackElo "1822"]
[PlyCount "115"]
[EventDate "2023.11.23"]
[EventType "swiss"]
[EventRounds "7"]
[EventCountry "GER"]
[SourceTitle "CB50_2023"]
[SourceDate "2023.12.13"]
[SourceVersion "1"]
[SourceVersionDate "2023.12.13"]
[SourceQuality "1"]

1. e3 d5 2. b3 Bf5 3. Bb2 Nc6 4. Bb5 e6 5. Nf3 a6 6. Bxc6+ bxc6 7. Nd4 Qg5 8. 0-0 c5 9. Nxf5 Qxf5 10. d3 Nf6 11. Nd2 h5 12. Qe2 Qg6 13. f4 Be7 14. e4 Qg4 15. Rf3 0-0 16. e5 Nd7 17. Raf1 f5 18. Qf2 Bh4 19. g3 Be7 20. Qg2 Qg6 21. h3 Kf7 22. g4 Qh7 23. gxf5 Qxf5 24. Rg3 Rg8 25. Nf3 Raf8 26. Ng5+ Ke8 27. h4 g6 28. Kh2 Rg7 29. Qd2 Bxg5 30. Rxg5 Qf7 31. Qa5 Qe7 32. Qxc7 Rf5 33. Qc8+ Kf7 34. Qxa6 Rg8 35. a4 Kg7 36. Qd6 Qe8 37. Rxf5 gxf5 38. Rg1+ Kh7 39. Rxg8 Kxg8 40. a5 Nf8 41. Qxc5 Qd8 42. Kh3 Ng6 43. Qg1 Qxh4+ 44. Kg2 Qg4+ 45. Kf2 Qxf4+ 46. Ke1 Kh7 47. a6 Nxe5 48. Qf2 Qb4+ 49. Kd1 Qg4+ 50. Kc1 Nd7 51. a7 Qg8 52. Kb1 f4 53. Qxf4 Qg1+ 54. Bc1 Qxa7 55. Qh6+ Kg8 56. Qxe6+ Kh8 57. Bb2+ d4 58. Qd5 1-0

[Event "Heusenstamm Sparkassen op-A 7th"]
[Site "Heusenstamm"]
[Date "2021.11.21"]
[Round "6.64"]
[White "Raumanns, Niklas"]
[Black "Baeumer, Frank"]
[Result "1/2-1/2"]
[WhiteElo "1682"]
[BlackElo "1939"]
[PlyCount "39"]
[EventDate "2021.11.18"]
[EventType "swiss"]
[EventRounds "7"]
[EventCountry "GER"]
[SourceTitle "EXT 2023"]
[Source "ChessBase"]
[SourceDate "2022.10.05"]
[SourceVersion "1"]
[SourceVersionDate "2022.10.05"]
[SourceQuality "1"]

1. e4 e5 2. Nf3 Nc6 3. Bb5 a6 4. Ba4 Nf6 5. 0-0 Be7 6. c3 b5 7. Bc2 d5 8. exd5 Qxd5 9. d3 Bb7 10. Re1 0-0 11. Bg5 h6 12. Bh4 Rad8 13. Qe2 Rfe8 14. Nbd2 Nh5 15. Bxe7 Nf4 16. Qe4 Rxe7 17. Qxd5 Rxd5 18. Re3 Red7 19. Ne1 b4 20. g3 1/2-1/2

[Event "Erfurt op Amateurs 28th"]
[Site "Erfurt"]
[Date "2018.12.27"]
[Round "1"]
[White "Bernhardt, Thomas"]
[Black "Raumanns, Niklas"]
[Result "0-1"]
[WhiteElo "1475"]
[BlackElo "1597"]
[PlyCount "74"]
[EventDate "2018.12.27"]
[EventType "swiss"]
[EventRounds "7"]
[EventCountry "GER"]
[SourceTitle "EXT 2021"]
[Source "ChessBase"]
[SourceDate "2020.10.23"]
[SourceVersion "1"]
[SourceVersionDate "2020.10.23"]
[SourceQuality "1"]

1. e4 c6 2. d4 d5 3. exd5 cxd5 4. Nf3 Nc6 5. Bb5 Bd7 6. 0-0 e6 7. Re1 Nf6 8. c3 Qb6 9. Bxc6 Bxc6 10. Ne5 Bd6 11. Nd2 0-0 12. Qb3 Qc7 13. c4 Bxe5 14. dxe5 Nd7 15. Nf3 Rac8 16. Bf4 dxc4 17. Qxc4 Qb6 18. Qd4 Bxf3 19. Qxb6 Nxb6 20. gxf3 Rc2 21. b3 Nd5 22. Be3 a6 23. a3 Rfc8 24. Kf1 R8c3 25. Re2 Nxe3+ 26. fxe3 Rxe2 27. Kxe2 Rxb3 28. f4 Rb2+ 29. Kf3 Rxh2 30. e4 g6 31. a4 Rb2 32. a5 h5 33. Kg3 Rb4 34. Kh4 Rxe4 35. Kg5 Kg7 36. Rb1 Ra4 37. Rxb7 Rxa5 0-1

[Event "Erfurt op Amateurs 28th"]
[Site "Erfurt"]
[Date "2018.12.27"]
[Round "2"]
[White "Raumanns, Niklas"]
[Black "Braskin, Ivica"]
[Result "0-1"]
[WhiteElo "1597"]
[BlackElo "1372"]
[PlyCount "102"]
[EventDate "2018.12.27"]
[EventType "swiss"]
[EventRounds "7"]
[EventCountry "GER"]
[SourceTitle "EXT 2021"]
[Source "ChessBase"]
[SourceDate "2020.10.23"]
[SourceVersion "1"]
[SourceVersionDate "2020.10.23"]
[SourceQuality "1"]

1. Nf3 Nc6 2. g3 h6 3. d4 e6 4. Bg2 Nf6 5. 0-0 d5 6. c4 Be7 7. Nc3 0-0 8. Ne5 Nxe5 9. dxe5 Nd7 10. cxd5 exd5 11. Nxd5 Nxe5 12. Bf4 Bd6 13. Qc2 c6 14. Nc3 Ng6 15. Bxd6 Qxd6 16. Rad1 Qe7 17. Rd4 Rb8 18. Rfd1 Be6 19. Be4 f5 20. Bg2 Rbd8 21. Bh3 Rxd4 22. Rxd4 Ne5 23. b3 a6 24. Qd2 Ng6 25. Rd6 Qf7 26. Na4 Bd5 27. Nc5 Qe7 28. Nxb7 Qxb7 29. Rxg6 Qf7 30. Rd6 Qe7 31. Rxd5 cxd5 32. Qxd5+ Qf7 33. Qd3 Qf6 34. Bf1 f4 35. Qc4+ Kh8 36. Qxf4 Qxf4 37. gxf4 Rxf4 38. e3 Rf6 39. b4 Kg8 40. f4 Kf8 41. Kf2 Ke7 42. b5 axb5 43. Bxb5 Rb6 44. a4 Kf6 45. h4 Rd6 46. Kf3 Rd2 47. a5 Rd5 48. Bc4 Rxa5 49. e4 Ra3+ 50. Kg4 g6 51. Bd5 h5# 0-1